Avaluació de programes de garantia social : aplicació a una mostra de centres pilot / Esteve Oroval Planes, Teresa Torres Solé aplicació a una mostra de centres pilot / Esteve Oroval Planes, Teresa Torres Solé
Descripción Física:
85 p. : gràfics, taules ; 30 cm
Otros Autores:
Torres Solé, Teresa
MARC
| LEADER | 00000nam a2200000Ia 4500 | ||
|---|---|---|---|
| 001 | 15945 | ||
| 008 | 160829s1997 xx 000 0 cat d | ||
| 080 | |a M-4-348 | ||
| 100 | |a Oroval Planas, Esteve |9 46738 | ||
| 245 | |a Avaluació de programes de garantia social : |b aplicació a una mostra de centres pilot / Esteve Oroval Planes, Teresa Torres Solé | ||
| 260 | |a Barcelona : |b Diputació de Barcelona, Àrea d'Educació, |c 1997 | ||
| 300 | |a 85 p. : |b gràfics, taules ; |c 30 cm | ||
| 590 | |a Bibliografia. | ||
| 590 | |a Hi ha annexos amb entrevistes i enquestes sobre el Programa de Garantia Social. | ||
| 590 | |a Prové de A-378. | ||
| 650 | |a Programes de Garantia Social |9 46739 | ||
| 650 | |a Transició a la vida activa |x Catalunya |9 46740 | ||
| 700 | |a Torres Solé, Teresa |9 46741 | ||
| 901 | |a Arxiu | ||
| 942 | |n 1 | ||
| 952 | |0 0 |1 0 |4 0 |6 M4348 |7 1 |9 53419 |a Arxiu |b Arxiu |d 2016-12-01 |l 0 |o M-4-348 |p 15945 |r 2016-12-01 00:00:00 |w 2016-12-01 |y ARXIU | ||
| 999 | |c 57285 |d 57285 | ||